| 000 | 01707cam a22003015i 4500 | ||
|---|---|---|---|
| 999 |
_c7641 _d7641 |
||
| 003 | EG-ScBUE | ||
| 005 | 20200108133637.0 | ||
| 008 | 190729s2005 enka f b 001 0 eng d | ||
| 020 | _a9781412903431 | ||
| 020 | _a1412903432 | ||
| 035 | _a(OCoLC)ocm57061668 | ||
| 040 |
_aEG-ScBUE _beng _erda _cEG-ScBUE _dEG-ScBUE |
||
| 082 | 0 | 4 |
_a808.51 _bSHE _222 |
| 100 | 1 |
_aShephard, Kerry, _eauthor. |
|
| 245 | 0 | 0 |
_aPresenting at conferences, seminars, and meetings / _cKerry Shephard. |
| 264 | 1 |
_aLondon ; _aThousand Oaks, Calif. : _bSAGE Publications, _c2005. |
|
| 300 |
_axiv, 166 pages : _billustrations ; _c25 cm |
||
| 336 |
_atext _btxt _2rdacontent |
||
| 337 |
_aunmediated _bn _2rdamedia |
||
| 338 |
_avolume _bnc _2rdacarrier |
||
| 504 | _aIncludes bibliographical references and index. | ||
| 505 | 0 | _aWhat makes some presentations good? -- What do we really know about presenting? -- An introduction to presentation aids -- Designing and writing a presentation -- Preparing yourself -- Preparation specific to the venue -- Videoconferencing -- Delivering the successful presentation and what to do when things go wrong -- How to get better. | |
| 520 | _aDo you dread the nerve-wracking task of giving presentations? Or are you looking for new ways in which to give your presentation a boost? With practical, step-by-step hints on all presentation scenarios, Kerry Shephard's Presenting at Conferences, Seminars and Meetings is an excellent guide for post-graduate students, academics and professionals, providing the skills you need to succeed in the process of presenting to your peers. | ||
| 650 | 7 |
_aPublic speaking. _2BUEsh |
|
| 651 | _2BUEsh | ||
| 653 |
_bHHUUEENN _bGGEN |
||
| 942 |
_cBB _2ddc |
||